| 000 | 00658nam a22001697a 4500 | ||
|---|---|---|---|
| 003 | OSt | ||
| 005 | 20191121121021.0 | ||
| 008 | 130305t xxu||||| |||| 00| 0 eng d | ||
| 020 | _a9718851038 | ||
| 050 |
_aDS 689.M2 _b.Se45 1994 |
||
| 245 |
_aSelected papers of the annual conferences of the Manila Studies Association 1989-1993 / _cBernardita Reyes Churchill, editor |
||
| 260 |
_aManila : _bManila Studies Association ; Quezon City, Philippines : Philippine National Historical Society ; Intramuros, Manila : National Commission for Culture and the Arts, _c1994. |
||
| 300 |
_a180 p. : _c23 cm. |
||
| 562 | _e1 | ||
| 942 |
_2lcc _cBK _kFLIR |
||
| 999 |
_c18795 _d18795 |
||